Countries and Cities with Israeli Embassies and Diplomatic Missions - Statistics

General Stats
  • This quiz has been taken 571 times
  • The average score is 62 of 102
Answer Stats
Country City % Correct
Egypt Cairo
90%
United States New York
90%
United States Los Angeles
84%
China Beijing
82%
Brazil Brasilia
80%
Canada Toronto
80%
United States Chicago
79%
Egypt Alexandria
78%
Argentina Buenos Aires
78%
Mexico Mexico City
77%
China Shanghai
77%
United States Miami
76%
Kenya Nairobi
76%
France Paris
76%
Chile Santiago
76%
Japan Tokyo
76%
Canada Ottawa
75%
South Korea Seoul
75%
United States Washington DC
74%
Peru Lima
73%
India Mumbai
73%
India New Delhi
72%
United States San Francisco
72%
Germany Berlin
71%
Colombia Bogota
71%
Turkey Istanbul
71%
Panama Panama City
71%
Turkey Ankara
70%
Ethiopia Addis Ababa
69%
Canada Montreal
69%
Brazil Sao Paulo
69%
Singapore Singapore
69%
United States Boston
68%
Angola Luanda
68%
Thailand Bangkok
67%
Taiwan Taipei
67%
Austria Vienna
67%
Philippines Manila
66%
South Africa Pretoria
66%
Ecuador Quito
66%
Holy See | Italy Rome
66%
Jordan Amman
65%
Denmark Copenhagen
65%
Czech Republic Prague
65%
Greece Athens
64%
Belgium Brussels
64%
Nigeria Abuja
63%
Azerbaijan Baku
63%
Hungary Budapest
63%
Guatemala Guatemala City
63%
Finland Helsinki
63%
Uruguay Montevideo
63%
Senegal Dakar
62%
United States Houston
62%
El Salvador San Salvador
62%
Dominican Republic Santo Domingo
62%
China Hong Kong
61%
Belarus Minsk
61%
Costa Rica San Jose
61%
Vietnam Hanoi
60%
Ghana Accra
58%
United Kingdom London
58%
Bulgaria Sofia
58%
Paraguay Asuncion
57%
Russia Moscow
57%
Kazakhstan Astana
56%
Croatia Zagreb
56%
Ireland Dublin
55%
Germany Munich
55%
Norway Oslo
55%
Nepal Kathmandu
54%
Albania Tirana
54%
China Guangzhou
53%
Spain Madrid
53%
Cyprus Nicosia
53%
United States Philadelphia
53%
Georgia Tbilisi
53%
United States Atlanta
51%
Portugal Lisbon
51%
Poland Warsaw
51%
France Marseille
50%
Sweden Stockholm
49%
Eritrea Asmara
47%
Switzerland Bern
47%
Romania Bucharest
47%
Ukraine Kiev
47%
Latvia Riga
47%
Cameroon Yaounde
46%
Uzbekistan Tashkent
44%
Ivory Coast Abidjan
43%
Lithuania Vilnius
43%
Australia Canberra
42%
Turkmenistan Ashgabat
38%
Serbia Belgrade
38%
New Zealand Wellington
38%
Slovakia Bratislava
34%
Russia St Petersburg
34%
Netherlands The Hague
34%
Burma Yangon
34%
India Bangalore
29%
China Chengdu
25%
No matching quizzes found
Score Distribution
Percent of People with Each Score
Percentile by Number Answered
Your Score History
You have not taken this quiz